000 00452nmm a2200157Ia 4500
008 251105s9999||||xx |||||||||||||||||und||
020 _a9781558851924
041 _aeng
100 _aCastañeda, Omar
245 0 _aNaranjo the Muse
264 _a[Washington, Estados Unidos] :
_bArte Público Press,
_c2017
300 _a176 páginas
650 _aLatin American narrative
856 _uhttps://public.digitaliapublishing.com/a/46212
942 _cCF
999 _c74660
_d74660